Video enciclopedia muy interesante / (Registro nro. 12789)

Detalles MARC
000 -LIDER
fixed length control field 01180nam a22003737a 4500
003 - IDENTIFICACDOR DE NÚMERO DE CONTROL
control field DO-SdBNP
005 - DATE AND TIME OF LATEST TRANSACTION
control field 20171206095613.0
008 - ELEMENTOS DE LONGITUD FIJA
fixed length control field 060721 19uu sp a spa
017 ## - NÚMERO DE REGISTRO DE DERECHOS DE AUTOR
Copyright or legal deposit number
Assigning agency
020 ## - ISBN
International Standard Book Number 8477588392 (o. c.)
020 ## - ISBN
International Standard Book Number 8477588554 (o.c. astronomía)
020 ## - ISBN
International Standard Book Number 8477588562 (astronomía I)
035 ## - NÚMERO LOCAL
System control number
040 ## - FUENTE DE CATALOGACIÓN
Agencia que crea de manera original el registro BPMSU
Idioma de catalogación spa
Agencia que realiza la transcripción BPMSU
Convenciones de la despripción
082 ## - NÚMERO DE CLASIFICACIÓN DECIMAL DE DEWEY
Classification number
Item number
092 ## - LOCALLY ASSIGNED DEWEY DECIMAL CALL NUMBER
Número de clasificación xxxx
Número de ítem (Cutter) xxxx
Número de edición
100 ## - ASIENTO PRINCIPAL -- NOMBRE PERSONAL
Nombre personal Klein, Artur
245 00 - MENCIÓN DE TITULO
Título Video enciclopedia muy interesante /
Medio (Designación general de material)
Mención de responsabilidad Artur Klein ; ilustraciones archivo THEMA, AISA, ALFA-OMEGA, Jaime Buesa, José Tola, Miguel Angel Castaños
260 ## - PUBLICACIÓN, DISTRIBUCIÓN, ETC. (PIE DE IMPRENTA)
Lugar de publicación, distribución, etc Madrid :
Nombre del editor, distribuidor, etc. Club internacional del libro,
Fecha de publicación, distribución, etc [19--].
Lugar de impresión
Impresor
300 ## - DESCRIPCIÓN FÍSICA
Extensión v. ;
Dimensiones 33 cm.
500 ## - NOTA GENERAL
Nota general La biblioteca posee el volumen; Astronomía I
650 ## - ENCABEZAMIENTO DE MATERIA--TEMÁTICO
Fuente del encabezamiento o término NOVELA INGLESA
650 #4 - ENCABEZAMIENTO DE MATERIA--TEMÁTICO
Fuente del encabezamiento o término MAGIA - NOVELA
650 #4 - ENCABEZAMIENTO DE MATERIA--TEMÁTICO
Fuente del encabezamiento o término NOVELA JUVENIL INGLESA
700 1# - ASIENTO SECUNDARIO -- NOMBRE PERSONAL
Nombre personal Klein, Artur
700 1# - ASIENTO SECUNDARIO -- NOMBRE PERSONAL
Nombre personal Buesa, Jaime
Mención de responsabilidad il.
700 1# - ASIENTO SECUNDARIO -- NOMBRE PERSONAL
Nombre personal Tola, José
Mención de responsabilidad il.
700 1# - ASIENTO SECUNDARIO -- NOMBRE PERSONAL
Nombre personal Castaños, Miguel Angel
Mención de responsabilidad il.
710 1# - ASIENTO SECUNDARIO -- NOMBRE CORPORATIVO
Nombre corporativo o de jurisdicción Archivo THEMA
Mención de responsabilidad il.
942 ## - ADDED ENTRY ELEMENTS (KOHA)
Source of classification or shelving scheme Dewey Decimal Classification
Koha item type Libros
945 ## - INFORMACIÓN DE PROCESAMIENTO LOCAL
Información de procesamiento local Inventariado, 2017/MFF
956 ## - LOCAL ELECTRONIC LOCATION AND ACCESS (OCLC)
Nombre de host YLOCKWARD
Método de acceso 10
Enlace BPMSU
Campo enlazado y núm. de secuencia 00144
980 ## - EQUIVALENCE OR CROSS-REFERENCE-SERIES STATEMENT--PERSONAL NAME/TITLE [LOCAL, CANADA]
Personal name
--
Numeration
Attribution qualifier
Titles and other words associated with a name
Existencias
Withdrawn status Lost status Source of classification or shelving scheme Damaged status Not for loan Collection code Home library Current library Date acquired Source of acquisition Total Checkouts Barcode Date last seen Price effective from Koha item type
    Dewey Decimal Classification     Colección General Biblioteca Pública Metropolitana Salomé Ureña Biblioteca Pública Metropolitana Salomé Ureña 11/08/2017 Donado por Fundi   BPMSU17110079 11/08/2017 11/08/2017 Libros